Európska jazyková politika a multilingvizmus v Európskej únii
Postavenie jazykov v Európe a Európskej únii ovplyvňuje nielen realita tohto kontinentu, ale aj globalizačné trendy. Každý jazyk reflektuje realitu svojej jazykovej komunity a s jej vývojom sa sám prirodzene mení. Európska únia vynakladá veľké úsilie na podporu aktívnej jazykovej politiky, ktorá umo...
Gespeichert in:
| 1. Verfasser: | |
|---|---|
| Format: | Buchkapitel |
| Sprache: | Slowakisch |
| Schlagworte: | |
| Tags: |
Keine Tags, Fügen Sie das erste Tag hinzu!
|
MARC
| LEADER | 00000nla$a2200000$$$4500 | ||
|---|---|---|---|
| 001 | 0119469 | ||
| 005 | 20240502072330.8 | ||
| 041 | 0 | |a slo | |
| 044 | |a SK | ||
| 245 | 1 | 0 | |a Európska jazyková politika a multilingvizmus v Európskej únii |c Tatiana Hrivíková |
| 520 | |a Postavenie jazykov v Európe a Európskej únii ovplyvňuje nielen realita tohto kontinentu, ale aj globalizačné trendy. Každý jazyk reflektuje realitu svojej jazykovej komunity a s jej vývojom sa sám prirodzene mení. Európska únia vynakladá veľké úsilie na podporu aktívnej jazykovej politiky, ktorá umožní rovnocenný vývoj všetkých jej jazykov. Výskumy, medzinárodné projekty, mobility ako aj verejná proklamácia podpory v rôznych oficiálnych dokumentoch sú príkladom činnosti inštitúcií Európskej únie. | ||
| 610 | 2 | 0 | |a Európska únia |
| 610 | 2 | 0 | |a jazyky cudzie |
| 610 | 2 | 0 | |a komunikácia multikultúrna |
| 610 | 2 | 0 | |a kultúra |
| 100 | 1 | |a Hrivíková, Tatiana, 1959- | |